[Event "3rd Al Ain Chess Classic"]
[Site "Al-Ain UAE"]
[Date "2014.12.24"]
[Round "7.71"]
[White "Al- Meghbali, Ahmed"]
[Black "Alali, Ali"]
[Result "1-0"]
[WhiteElo "1448"]
[BlackElo "1230"]
[WhiteFideId "9306943"]
[BlackFideId "9309063"]
[EventDate "2014.12.19"]

1. d4 Nf6 2. c4 e6 3. Nc3 b6 4. e4 Bb7 5. Bg5 Be7 6. Bd3 h6 7. Bh4 d6 8. Nge2
O-O 9. O-O Na6 10. a3 d5 11. cxd5 exd5 12. e5 Nh7 13. Bxe7 Qxe7 14. Qc2 g6 15.
Nf4 Rfe8 16. Ncxd5 Qf8 17. Qe2 Bxd5 18. Nxd5 Rad8 19. Be4 c6 20. Nc3 Nb8 21.
Rfd1 f5 22. exf6 Qxf6 23. Qc4+ Kh8 24. Rd3 b5 25. Qb4 Ng5 26. d5 a6 27. dxc6
Rxd3 28. Bxd3 Qxc6 29. h4 Nh7 30. Be4 Qe6 31. Qd4+ Nf6 32. Nd5 Qxe4 33. Qxf6+
Kh7 34. Qf7+ Kh8 35. Nf6 Qe7 36. Qxe8+ Qxe8 37. Nxe8 Nd7 38. Rc1 g5 39. Rc6 Ne5
40. Rxh6+ Kg8 41. hxg5 a5 42. f4 Ng4 43. Nf6+ Nxf6 44. Rxf6 b4 45. axb4 axb4 46.
f5 b3 47. Rg6+ Kf7 48. Rh6 Kg7 49. f6+ Kf7 50. g4 Kg8 51. g6 Kf8 52. Rh8# 1-0

[Event "3rd Al Ain Chess Classic"]
[Site "Al-Ain UAE"]
[Date "2014.12.24"]
[Round "7.73"]
[White "Al Ali, Hamad"]
[Black "Hamad Essam"]
[Result "1/2-1/2"]
[WhiteElo "1219"]
[BlackElo "1383"]
[WhiteFideId "9310711"]
[BlackFideId "9313397"]
[EventDate "2014.12.19"]

1. e4 e5 2. Nf3 Nc6 3. Nc3 Nf6 4. d4 exd4 5. Nxd4 Bb4 6. Nxc6 bxc6 7. Bd3 d6 8.
O-O Ng4 9. h3 Ne5 10. Bf4 Nxd3 11. Qxd3 O-O 12. Rfe1 Re8 13. a3 Ba5 14. e5 d5
15. b4 Bb6 16. Rad1 Be6 17. Qg3 Kh8 18. Ne4 h6 19. Nc5 Bxc5 20. bxc5 Qe7 21. Be3
Rab8 22. Rb1 Bf5 23. Rec1 Qd7 24. Bd4 Rb5 25. Rxb5 cxb5 26. c6 Qxc6 27. e6 f6
28. Bxa7 Qxe6 1/2-1/2

[Event "3rd Al Ain Chess Classic"]
[Site "Al-Ain UAE"]
[Date "2014.12.25"]
[Round "8.1"]
[White "Petrosian, Tigran L."]
[Black "Nigalidze, Gaioz"]
[Result "1-0"]
[WhiteTitle "GM"]
[BlackTitle "GM"]
[WhiteElo "2651"]
[BlackElo "2536"]
[WhiteFideId "13301616"]
[BlackFideId "13603078"]
[EventDate "2014.12.19"]

1. Nf3 c5 2. g3 Nc6 3. c4 g6 4. Bg2 Bg7 5. Nc3 d6 6. O-O Bd7 7. d3 Qc8 8. Re1
Bh3 9. Bh1 h5 10. Ng5 Bg4 11. h4 Nh6 12. Nd5 O-O 13. Rb1 Bd7 14. Ne4 Nf5 15. a3
Rb8 16. b4 b6 17. Bg5 f6 18. Bf4 Qd8 19. a4 Bh6 20. bxc5 bxc5 21. Rxb8 Nxb8 22.
Bxh6 Nxh6 23. d4 cxd4 24. c5 dxc5 25. Nxc5 e5 26. Qd2 Nf5 27. Rb1 Rf7 28. Rxb8
Qxb8 29. Nxd7 Qd6 30. N7xf6+ Rxf6 31. Nxf6+ Qxf6 32. Qa5 Qe7 33. Qd5+ Kg7 34. a5
Kf6 35. Qc6+ Qd6 36. Qb7 Qc5 37. Bd5 Ne7 38. Qa6+ Kg7 39. Be4 Kf7 40. Kg2 Qc7
41. Qb5 Qd6 42. Qb3+ Kf6 43. Qb7 Qc5 44. a6 Ke6 45. Qb8 Kd7 46. Qb3 Qd6 47. Qb7+
Qc7 48. Qb5+ Kd8 49. Bd3 Qd6 50. Qb7 Qc7 51. Qa8+ Kd7 52. Bb5+ Ke6 53. Qf3 Qc8
54. Kh2 Kd6 55. Bd3 Nf5 56. Qh1 Ne7 57. Qb1 Qc6 58. Qb8+ Qc7 59. Qe8 Qc6 60.
Bxg6 Qxa6 61. Bd3 Qc8 62. Qxh5 a5 63. Qh6+ Kd5 64. Qb6 Qc5 65. Qb7+ Kd6 66. Qb8+
Ke6 67. Qe8 Qc6 68. Qd8 a4 69. Qa5 Nd5 70. Be4 Kd6 71. Bxd5 Qxd5 72. Qxa4 e4 73.
Qb4+ Kd7 74. Qa4+ Kd8 75. Qd1 d3 76. Qd2 Qd4 77. Kg2 Qc4 78. Qg5+ Ke8 79. Qe5+
Kd7 80. Qf5+ Kc6 81. Qc8+ Kb5 82. Qd7+ Kb4 83. exd3 exd3 84. h5 Qe4+ 85. Kh2 Qe2
86. Qd4+ Kb3 87. h6 Qh5+ 88. Kg2 Kc2 89. Qc4+ Kd2 90. Qc6 Qf7 91. Qe4 1-0

[Event "3rd Al Ain Chess Classic"]
[Site "Al-Ain UAE"]
[Date "2014.12.25"]
[Round "8.2"]
[White "Kryvoruchko, Yuriy"]
[Black "Zhigalko, Sergei"]
[Result "1/2-1/2"]
[WhiteTitle "GM"]
[BlackTitle "GM"]
[WhiteElo "2671"]
[BlackElo "2672"]
[WhiteFideId "14109182"]
[BlackFideId "13502956"]
[EventDate "2014.12.19"]

1. e4 e5 2. Nf3 Nc6 3. Bb5 a6 4. Ba4 Nf6 5. O-O Be7 6. Re1 b5 7. Bb3 d6 8. c3
O-O 9. h3 Re8 10. d4 Bb7 11. Nbd2 Bf8 12. d5 Nb8 13. Nf1 Nbd7 14. N3h2 h6 15.
Ng4 Nxg4 16. hxg4 Be7 17. Be3 Bg5 18. Qd2 a5 19. a3 Nc5 20. Bc2 a4 21. Rad1 Bc8
22. f3 Bd7 23. g3 g6 24. Re2 Bxe3+ 25. Nxe3 Kg7 26. Rh2 Rh8 27. Kg2 Qe7 28. Rdh1
g5 29. Bd1 f6 30. Be2 Rab8 31. Rh5 Kg6 32. R1h2 Rh7 33. Qd1 Rbh8 34. Qf1 Qe8 35.
Kg1 Qb8 36. Kh1 Qb6 37. Nf5 Nb3 38. f4 Nd2 39. Qd1 Nb3 40. Bd3 Nc5 41. Bc2 Bxf5
42. gxf5+ Kf7 43. fxg5 1/2-1/2

[Event "3rd Al Ain Chess Classic"]
[Site "Al-Ain UAE"]
[Date "2014.12.25"]
[Round "8.3"]
[White "Onischuk, Vladimir"]
[Black "Volkov, Sergey"]
[Result "1-0"]
[WhiteTitle "GM"]
[BlackTitle "GM"]
[WhiteElo "2614"]
[BlackElo "2599"]
[WhiteFideId "14114038"]
[BlackFideId "4122763"]
[EventDate "2014.12.19"]

1. e4 e6 2. d4 d5 3. Nc3 Nf6 4. Bg5 Bb4 5. e5 h6 6. Bh4 g5 7. Bg3 Ne4 8. Ne2 f5
9. f3 Nxg3 10. hxg3 Bd7 11. a3 Bxc3+ 12. Nxc3 Nc6 13. f4 g4 14. Qd2 Qe7 15. Nd1
O-O-O 16. Ne3 h5 17. O-O-O Kb8 18. c4 dxc4 19. Bxc4 Nxd4 20. Qxd4 Ba4 21. Rxh5
Rhe8 22. Qc3 Bxd1 23. Nxd1 Qc5 24. Rh7 Qg1 25. Bb3 c5 26. Qa5 Qxg2 27. Bxe6 Rd4
28. Bxf5 Red8 29. Bc2 Rd2 30. Qc3 c4 31. e6 Re2 32. Rd7 Re8 33. f5 a6 34. Ba4
Rc8 35. e7 b5 36. f6 Qc6 37. Qd4 1-0

[Event "3rd Al Ain Chess Classic"]
[Site "Al-Ain UAE"]
[Date "2014.12.25"]
[Round "8.4"]
[White "Areshchenko, Alexander"]
[Black "Grover, Sahaj"]
[Result "1-0"]
[WhiteTitle "GM"]
[BlackTitle "GM"]
[WhiteElo "2666"]
[BlackElo "2505"]
[WhiteFideId "14109530"]
[BlackFideId "5021103"]
[EventDate "2014.12.19"]

1. e4 e5 2. Nf3 Nc6 3. Bb5 f5 4. d3 fxe4 5. dxe4 Nf6 6. O-O d6 7. a3 Bg4 8. Nc3
Be7 9. h3 Bh5 10. Qd3 Nd7 11. Bc4 Nc5 12. Qe3 Qd7 13. Nd5 Ne6 14. b4 Rf8 15. Be2
Nf4 16. Bd1 g5 17. b5 Nd8 18. Qc3 Nxd5 19. exd5 Bf6 20. Rb1 g4 21. Nh2 Qf7 22.
Nxg4 Bg7 23. Rb4 Bg6 24. Bf3 h5 25. Nh2 a6 26. bxa6 Rxa6 27. Bg5 c5 28. dxc6
Nxc6 29. Be2 e4 30. Qe3 Nxb4 31. axb4 Rc6 32. Bb5 Qf5 33. Bxc6+ bxc6 34. Bh6
Bxh6 35. Qxh6 Kf7 36. f3 e3 37. Qxe3 Re8 38. Qd2 Qxc2 39. Qxd6 Re2 40. Qc7+ Kf6
41. Qg3 Qd2 42. h4 Qxb4 43. Rd1 Re5 44. Nf1 Rd5 45. Rxd5 cxd5 46. Qg5+ Kg7 47.
Ng3 d4 48. Nxh5+ Kf8 49. Nf4 Bf7 50. h5 d3 51. Qd8+ Kg7 52. h6+ Kh7 53. Qf6 Qc5+
54. Kh2 Qf8 55. Nxd3 1-0

[Event "3rd Al Ain Chess Classic"]
[Site "Al-Ain UAE"]
[Date "2014.12.25"]
[Round "8.5"]
[White "Kuzubov, Yuriy"]
[Black "Parligras, Mircea-Emilian"]
[Result "1/2-1/2"]
[WhiteTitle "GM"]
[BlackTitle "GM"]
[WhiteElo "2701"]
[BlackElo "2580"]
[WhiteFideId "14112906"]
[BlackFideId "1204297"]
[EventDate "2014.12.19"]

1. c4 Nf6 2. Nc3 c5 3. Nf3 Nc6 4. e3 e6 5. d4 d5 6. cxd5 exd5 7. Bb5 cxd4 8.
exd4 Be7 9. Ne5 Bd7 10. O-O O-O 11. Bf4 Rc8 12. Re1 a6 13. Bxc6 Bxc6 14. Re3 b5
15. Ne2 Bd7 16. Ng3 Be6 17. f3 Nd7 18. Qe2 Re8 19. Nh5 Nf6 20. Nxf6+ Bxf6 21.
Re1 Qb6 22. Qd2 Bxe5 23. Bxe5 f6 24. Bg3 Bf7 25. h4 Rxe3 26. Rxe3 Rc4 27. Qe1 h5
28. b3 Rc8 29. Qd2 a5 30. Re7 Kf8 31. Re2 Re8 32. Rf2 b4 33. Qd3 Kg8 34. Rc2 a4
35. bxa4 Qa7 36. Rb2 Qxa4 37. Qd2 Bg6 38. Rxb4 Qa3 39. Rb3 Qa6 40. Rb2 Bd3 41.
Qb4 Re2 42. Rxe2 Bxe2 43. Qb8+ Kh7 44. Qe8 Qxa2 45. Qxh5+ Kg8 46. Qg4 Bd3 47. h5
Kh7 48. Bd6 Qd2 49. Bf4 Qc3 50. Bd6 Qc1+ 51. Kf2 Qg5 52. Qxg5 fxg5 53. Bf8 Kh6
54. g4 Bc4 55. Ke3 Bb3 56. Ke2 Ba4 57. Kd2 Bb3 58. Ke3 Bd1 59. Be7 Bb3 60. f4
gxf4+ 61. Kxf4 g6 62. Bf8+ Kh7 63. h6 Ba2 64. g5 Bb3 65. Ke5 Ba2 1/2-1/2

[Event "3rd Al Ain Chess Classic"]
[Site "Al-Ain UAE"]
[Date "2014.12.25"]
[Round "8.6"]
[White "Shankland, Samuel L"]
[Black "Paichadze, Luka"]
[Result "1/2-1/2"]
[WhiteTitle "GM"]
[BlackTitle "GM"]
[WhiteElo "2642"]
[BlackElo "2561"]
[WhiteFideId "2004887"]
[BlackFideId "13602934"]
[EventDate "2014.12.19"]

1. e4 c6 2. d4 d5 3. e5 Bf5 4. Nf3 e6 5. Be2 Be7 6. O-O Nh6 7. b3 O-O 8. c4 Bg6
9. Bxh6 gxh6 10. Qd2 Kg7 11. Nc3 Nd7 12. Bd3 Qa5 13. a3 Rae8 14. cxd5 cxd5 15.
b4 Qc7 16. Rac1 Qb8 17. Ne2 Rc8 18. h4 Rxc1 19. Rxc1 Rc8 20. g3 Rxc1+ 21. Nxc1
Qc7 22. Nh2 a5 23. bxa5 Bxa3 24. Ne2 Bxd3 25. Qxd3 Qxa5 26. Kg2 Bf8 27. Nf4 Kg8
28. Ng4 Bg7 29. Nh5 Qe1 30. Qb5 Qe4+ 31. Kh3 Qh1+ 32. Nh2 Nf8 33. Qxb7 Qd1 34.
Nxg7 Kxg7 35. Qb4 h5 36. Kg2 Qd3 37. Nf3 h6 38. Qd2 Qe4 39. Qd1 Ng6 40. Kg1 Ne7 1/2-1/2

[Event "3rd Al Ain Chess Classic"]
[Site "Al-Ain UAE"]
[Date "2014.12.25"]
[Round "8.7"]
[White "Mchedlishvili, Mikheil"]
[Black "Gopal, G.N."]
[Result "1-0"]
[WhiteTitle "GM"]
[BlackTitle "GM"]
[WhiteElo "2625"]
[BlackElo "2580"]
[WhiteFideId "13600966"]
[BlackFideId "5015693"]
[EventDate "2014.12.19"]

1. Nf3 c5 2. c4 Nf6 3. Nc3 d5 4. cxd5 Nxd5 5. g3 Nc6 6. Bg2 Nc7 7. d3 e5 8. Nd2
Be7 9. Nc4 Bd7 10. O-O f6 11. f4 b5 12. Ne3 exf4 13. Nf5 b4 14. Nxe7 Qxe7 15.
Ne4 Ne6 16. gxf4 f5 17. Ng3 O-O 18. e4 Ned4 19. Be3 Rad8 20. Rc1 Kh8 21. Re1
fxe4 22. Bxe4 Qh4 23. Rxc5 Bg4 24. Qc1 Nf3+ 25. Bxf3 Bxf3 26. Rxc6 Bxc6 27. Qxc6
Rxd3 28. Qe4 Rd7 29. Qxb4 Qd8 30. Bc5 Re8 31. Rxe8+ Qxe8 32. Bd4 h6 33. a3 Qf7
34. Bc3 Kg8 35. Qe4 Re7 36. Qf3 Qc4 37. Kg2 Kh7 38. f5 Rf7 39. f6 gxf6 40. Nh5
Kg6 41. Nxf6 Qc5 42. h4 Rg7 43. Qg4+ Kf7 44. Qxg7+ Kxg7 45. Ne4+ 1-0

[Event "3rd Al Ain Chess Classic"]
[Site "Al-Ain UAE"]
[Date "2014.12.25"]
[Round "8.8"]
[White "Vidit, Santosh Gujrathi"]
[Black "Sengupta, Deep"]
[Result "1-0"]
[WhiteTitle "GM"]
[BlackTitle "GM"]
[WhiteElo "2625"]
[BlackElo "2566"]
[WhiteFideId "5029465"]
[BlackFideId "5008352"]
[EventDate "2014.12.19"]

1. Nf3 e6 2. g3 d5 3. Bg2 Nf6 4. O-O Be7 5. d4 b5 6. a4 b4 7. c4 bxc3 8. Nxc3
O-O 9. Bf4 Na6 10. Ne5 Bb7 11. Qb3 Rb8 12. Nb5 Nh5 13. Nxa7 Nxf4 14. gxf4 Nb4
15. Rfc1 Bd6 16. Qc3 f6 17. Nec6 Bxc6 18. Nxc6 Nxc6 19. Qxc6 Rxb2 20. f5 Rb6 21.
Qc2 Qd7 22. a5 Ra6 23. fxe6 Qxe6 24. Qa2 Kh8 25. Qxd5 Qxe2 26. Bf1 Qg4+ 27. Qg2
Qxg2+ 28. Kxg2 Ra7 29. a6 Rb8 30. Rab1 Rxb1 31. Rxb1 Kg8 32. Bc4+ Kf8 33. Rb8+
Ke7 34. Rg8 g5 35. Rg7+ Kd8 36. Rxh7 Be7 37. Kf3 c6 38. Ke4 Kd7 39. Rh8 Bd8 40.
Rh7+ Be7 41. Rh8 Kd6 42. Kf5 Kd7 43. h3 Kd6 44. Ke4 Kd7 45. f4 Kd6 46. fxg5 fxg5
47. Rh6+ Kd7 48. Ke5 Bf8 49. Rh7+ Be7 50. Rg7 Ke8 51. Ke6 Kf8 52. Rf7+ Ke8 53.
Rh7 Bc5 54. Rh8+ Bf8 55. Kf6 Rg7 56. d5 Rf7+ 57. Kxg5 Rg7+ 58. Kf5 Rf7+ 59. Ke6
Re7+ 60. Kd6 cxd5 61. Bb5+ Kf7 62. Rh7+ Kf6 63. Rxe7 1-0

[Event "3rd Al Ain Chess Classic"]
[Site "Al-Ain UAE"]
[Date "2014.12.25"]
[Round "8.9"]
[White "Babujian, Levon"]
[Black "Oleksienko, Mikhailo"]
[Result "0-1"]
[WhiteTitle "GM"]
[BlackTitle "GM"]
[WhiteElo "2471"]
[BlackElo "2621"]
[WhiteFideId "13301993"]
[BlackFideId "4152417"]
[EventDate "2014.12.19"]

1. d4 f5 2. Nc3 Nf6 3. Bg5 d5 4. e3 e6 5. Bd3 c5 6. Nf3 Nc6 7. O-O a6 8. b3 Be7
9. Na4 cxd4 10. exd4 b5 11. Nb2 h6 12. Bf4 O-O 13. Re1 Ba3 14. Bc1 Ne4 15. Bf1
Bb4 16. Re3 f4 17. Rd3 Nc3 18. Qe1 Nxa2 19. Bd2 Bxd2 20. Qxd2 Nab4 21. Rc3 e5
22. Nxe5 Nxe5 23. dxe5 Qe7 24. Bxb5 Bf5 25. Bc6 Rad8 26. Re1 f3 27. Ba4 Nxc2 28.
Rxc2 Bxc2 29. Qxc2 Qb4 30. Re3 Qg4 31. Rxf3 Rxf3 32. e6 Rf6 33. e7 Ra8 34. h3
Qe6 35. Qc7 Kh7 36. Nd3 Qe2 37. Bc6 Rh8 38. Qd8 Qxd3 39. Qxh8+ Kxh8 40. e8=Q+
Kh7 41. Bd7 Qb1+ 42. Kh2 Qe4 43. Qxe4+ dxe4 44. Kg3 Rb6 45. Ba4 g5 46. h4 Kg6
47. Kg4 Rf6 48. hxg5 Rxf2 49. Be8+ Kh7 50. gxh6 e3 51. Kg3 Rf5 52. Bd7 Re5 0-1

[Event "3rd Al Ain Chess Classic"]
[Site "Al-Ain UAE"]
[Date "2014.12.25"]
[Round "8.10"]
[White "Malakhatko, Vadim"]
[Black "Pashikian, Arman"]
[Result "1/2-1/2"]
[WhiteTitle "GM"]
[BlackTitle "GM"]
[WhiteElo "2533"]
[BlackElo "2617"]
[WhiteFideId "14104202"]
[BlackFideId "13301578"]
[EventDate "2014.12.19"]

1. d4 Nf6 2. c4 g6 3. Nc3 d5 4. Nf3 Bg7 5. e3 O-O 6. b4 c6 7. Bb2 Bg4 8. h3 Bxf3
9. Qxf3 Re8 10. Qd1 Nbd7 11. Qb3 e6 12. Be2 Nb6 13. O-O Nxc4 14. Bxc4 dxc4 15.
Qxc4 Nd5 16. Rab1 b5 17. Qb3 a5 18. Nxd5 Qxd5 19. Qxd5 cxd5 20. bxa5 Rxa5 21.
Bc3 Ra3 22. Rb3 Rxb3 23. axb3 Bf8 24. Bb2 Bb4 25. Ra1 Rc8 26. Rc1 Ra8 27. Ra1
Rc8 28. Rc1 Ra8 29. Ra1 1/2-1/2

[Event "3rd Al Ain Chess Classic"]
[Site "Al-Ain UAE"]
[Date "2014.12.25"]
[Round "8.11"]
[White "Sandipan, Chanda"]
[Black "Vishnu Prasanna, V"]
[Result "1-0"]
[WhiteTitle "GM"]
[BlackTitle "GM"]
[WhiteElo "2599"]
[BlackElo "2463"]
[WhiteFideId "5004225"]
[BlackFideId "5030692"]
[EventDate "2014.12.19"]

1. d4 Nf6 2. c4 e6 3. Nc3 Bb4 4. Bd2 O-O 5. e3 d5 6. Nf3 c5 7. a3 Bxc3 8. Bxc3
Ne4 9. Rc1 Nxc3 10. Rxc3 cxd4 11. Qxd4 Nc6 12. Qd2 Qf6 13. cxd5 Rd8 14. Be2 exd5
15. Nd4 Nxd4 16. Qxd4 Qxd4 17. exd4 Be6 18. Kd2 Rac8 19. Rhc1 Kf8 20. Rc7 Rb8
21. b4 Rd6 22. Bb5 a6 23. Ba4 a5 24. bxa5 Ra6 25. Bb5 Rxa5 26. a4 g5 27. Kc3
Raa8 28. Kb4 b6 29. R1c6 Bf5 30. Rd6 Be6 31. Rcc6 1-0

[Event "3rd Al Ain Chess Classic"]
[Site "Al-Ain UAE"]
[Date "2014.12.25"]
[Round "8.12"]
[White "Lupulescu, Constantin"]
[Black "Abasov, Nijat"]
[Result "1/2-1/2"]
[WhiteTitle "GM"]
[BlackTitle "GM"]
[WhiteElo "2640"]
[BlackElo "2509"]
[WhiteFideId "1207822"]
[BlackFideId "13402960"]
[EventDate "2014.12.19"]

1. d4 Nf6 2. Nf3 e6 3. c4 b6 4. a3 Bb7 5. Nc3 Be7 6. d5 exd5 7. cxd5 O-O 8. g3
Re8 9. Bg2 c5 10. O-O d6 11. b4 Nbd7 12. Bb2 a6 13. e4 b5 14. bxc5 Nxc5 15. Nd4
Qb6 16. Nc6 Bf8 17. Re1 Nfd7 18. Rc1 Rac8 19. Ba1 Bxc6 20. dxc6 Ne5 21. Nd5 Qxc6
22. Rc2 Qb7 23. f4 Ned7 24. h4 Na4 25. Rf2 Nab6 26. Ne3 Nc5 27. Nf5 Nxe4 28.
Bxe4 Rxe4 29. Nh6+ Kh8 30. Nxf7+ Kg8 31. Nh6+ Kh8 32. Nf7+ Kg8 33. Nh6+ 1/2-1/2

[Event "3rd Al Ain Chess Classic"]
[Site "Al-Ain UAE"]
[Date "2014.12.25"]
[Round "8.13"]
[White "Morchiashvili, Bachana"]
[Black "Gupta, Abhijeet"]
[Result "0-1"]
[WhiteTitle "IM"]
[BlackTitle "GM"]
[WhiteElo "2337"]
[BlackElo "2632"]
[WhiteFideId "13602535"]
[BlackFideId "5010608"]
[EventDate "2014.12.19"]

1. d4 Nf6 2. Nf3 e6 3. c4 Nc6 4. a3 d6 5. Nc3 g6 6. e4 Bg7 7. Be2 O-O 8. O-O Re8
9. Be3 e5 10. dxe5 Nxe5 11. Nxe5 dxe5 12. Qxd8 Rxd8 13. Nb5 Bg4 14. f3 c6 15.
Nc7 Rac8 16. fxg4 Rxc7 17. Bg5 Rd6 18. c5 Re6 19. Bc4 Nxe4 20. Bd8 Rce7 21. Bxe7
Rxe7 22. Rad1 Bh6 23. Rd8+ Kg7 24. Re1 Nxc5 25. g3 Nd7 26. h4 Bd2 27. Rd1 Be3+
28. Kf1 Bd4 29. b4 Nf6 30. Be2 Nd5 31. Ke1 h6 32. b5 Nc3 33. bxc6 bxc6 34. Rc1
c5 35. Bc4 e4 36. Rc2 e3 37. Rb2 Be5 38. Kf1 Bxg3 39. Rb3 Be5 40. g5 e2+ 0-1

[Event "3rd Al Ain Chess Classic"]
[Site "Al-Ain UAE"]
[Date "2014.12.25"]
[Round "8.14"]
[White "Lodhi, Mahmood"]
[Black "Miroshnichenko, Evgenij"]
[Result "1-0"]
[WhiteTitle "IM"]
[BlackTitle "GM"]
[WhiteElo "2328"]
[BlackElo "2618"]
[WhiteFideId "7800010"]
[BlackFideId "14102595"]
[EventDate "2014.12.19"]

1. d4 g6 2. g3 Bg7 3. Bg2 d6 4. Nf3 Nd7 5. O-O e5 6. dxe5 dxe5 7. Nc3 Ne7 8. e4
O-O 9. b3 b6 10. a4 Re8 11. Bg5 h6 12. Be3 Kh7 13. Qe2 c6 14. Rfd1 Qc7 15. Qc4
Nf8 16. Nb5 Qb8 17. Nd6 Be6 18. Qc3 Rd8 19. Nc4 f6 20. a5 Rxd1+ 21. Rxd1 Nc8 22.
Ne1 Qc7 23. Nd3 Rb8 24. Nb4 b5 25. Na6 Qb7 26. Nc5 Qe7 27. Nb2 Qe8 28. Nbd3 Bg8
29. Nb4 Ne7 30. Qd3 g5 31. Nba6 Rc8 32. Bh3 Neg6 33. Bf5 Kh8 34. Qd6 Ne7 35.
Bxc8 Nxc8 36. Qd8 Qh5 37. Rd2 Qh3 38. Nc7 Bf7 39. Rd7 Bh5 40. Rxg7 Kxg7 41. Ne8+
Kf7 42. Qxc8 Bg4 43. Nd6+ Kg8 44. Nf5 1-0

[Event "3rd Al Ain Chess Classic"]
[Site "Al-Ain UAE"]
[Date "2014.12.25"]
[Round "8.15"]
[White "Ter-Sahakyan, Samvel"]
[Black "Pourramezanali, Amirreza"]
[Result "1-0"]
[WhiteTitle "GM"]
[BlackTitle "IM"]
[WhiteElo "2580"]
[BlackElo "2427"]
[WhiteFideId "13302531"]
[BlackFideId "12511412"]
[EventDate "2014.12.19"]

1. e4 e6 2. d4 d5 3. Nc3 Bb4 4. e5 c5 5. a3 Bxc3+ 6. bxc3 Ne7 7. Qg4 O-O 8. Bd3
Nbc6 9. Qh5 Ng6 10. Nf3 Qc7 11. Be3 c4 12. Bxg6 fxg6 13. Qg4 Bd7 14. h4 Rf5 15.
Ng1 Raf8 16. Ne2 Ne7 17. Kd2 b5 18. Qh3 h6 19. f4 h5 20. Rag1 Be8 21. g4 hxg4
22. Qxg4 Nc6 23. Ng3 a5 24. Nxf5 Rxf5 25. Qd1 Ne7 26. Rg5 Rxg5 27. fxg5 Nf5 28.
Bf2 Qe7 29. Qc1 Qf8 30. Rf1 a4 31. Be1 Kh7 32. Rf4 Qe7 33. Bf2 Bf7 34. Qb2 Be8
35. Kc1 Qf8 36. Kb1 Qe7 37. Ka2 Qf8 38. Qc1 Qe7 39. Qg1 Bf7 40. Rg4 Qe8 41. Rg2
Ne7 42. Qd1 Kg8 43. Rg1 Kh7 44. Qg4 Nf5 45. Qg2 Ne7 46. Qf1 Nf5 47. Qb1 Qd7 48.
Qb4 Be8 49. Qc5 Qe7 50. Kb2 Qd7 51. Rg4 Qe7 52. Rf4 Qd7 53. Rf3 Qe7 54. Qxe7
Nxe7 55. Rf8 Bc6 56. Kc1 Nf5 57. Kd2 Ne7 58. Ke3 Nf5+ 59. Kf4 Ne7 60. Kg4 Nf5
61. Kf3 Ne7 62. Kf4 Nf5 63. Rd8 Ne7 64. Rd6 Kg8 65. Rxe6 1-0

[Event "3rd Al Ain Chess Classic"]
[Site "Al-Ain UAE"]
[Date "2014.12.25"]
[Round "8.16"]
[White "Gasimov, Parviz"]
[Black "Kovchan, Alexander"]
[Result "1/2-1/2"]
[WhiteTitle "CM"]
[BlackTitle "GM"]
[WhiteElo "2295"]
[BlackElo "2569"]
[WhiteFideId "13408798"]
[BlackFideId "14103052"]
[EventDate "2014.12.19"]

1. e4 d5 2. exd5 Qxd5 3. Nc3 Qd6 4. g3 Qe6+ 5. Qe2 Nc6 6. Qxe6 Bxe6 7. Bb5 Bd7
8. Nf3 Nf6 9. d3 a6 10. Ba4 Nb4 11. Bxd7+ Nxd7 12. Kd1 e6 13. Bf4 Bd6 14. Bxd6
cxd6 15. Kd2 d5 16. Nd1 Ke7 17. Re1 Rhc8 18. c3 Nc6 19. Nd4 Nde5 20. Nxc6+ Nxc6
21. Ne3 Kd6 22. f4 h5 23. Rac1 Rc7 24. Nc2 Rh8 25. Nd4 Ne7 26. Re3 g6 27. Rce1
Nf5 28. Nxf5+ gxf5 29. h4 b5 30. d4 a5 31. a3 b4 32. axb4 axb4 33. Ra1 bxc3+ 34.
bxc3 Rb8 35. Rc1 Ra7 36. Rc2 Rb1 37. Re1 Rxe1 38. Kxe1 Kc6 39. Rb2 Ra1+ 40. Ke2
Rc1 41. Rb3 Rc2+ 42. Ke3 Kc7 43. Kf3 Ra2 44. Ke3 Ra1 45. Kf3 Kc6 46. Ke3 Ra8 47.
Kf3 Rc8 48. Ke3 Kd6 49. Rb6+ Kc7 50. Rb3 Ra8 51. Kf3 Ra6 52. Ke3 f6 53. Kd3 Ra8
54. Ke3 Rg8 55. Kf3 Kc6 56. Rb4 Ra8 57. Rb3 Rc8 58. Ke3 Kc7 59. Rb5 Rg8 60. Kf3
Ra8 61. Rb3 Kc6 62. Ke3 Rc8 63. Rb4 Rc7 64. Rb3 Rg7 65. Kf3 Ra7 66. Ke3 Kc7 67.
Kd3 Ra1 68. Ke3 Rc1 69. Kf3 Re1 70. Kf2 Ra1 71. Ke3 Ra4 72. Kf3 Kc6 73. Ke3 e5
74. fxe5 fxe5 75. dxe5 Re4+ 76. Kf3 Rxe5 77. Rb8 Re4 78. Rf8 Rc4 79. Rxf5 Rxc3+
80. Kf4 Rc4+ 81. Kf3 Rc3+ 82. Kf2 Rc2+ 83. Kf3 1/2-1/2

[Event "3rd Al Ain Chess Classic"]
[Site "Al-Ain UAE"]
[Date "2014.12.25"]
[Round "8.17"]
[White "Mohammed, Tarig Elther"]
[Black "Gasanov, Eldar"]
[Result "1/2-1/2"]
[BlackTitle "GM"]
[WhiteElo "2044"]
[BlackElo "2526"]
[WhiteFideId "12200964"]
[BlackFideId "14104466"]
[EventDate "2014.12.19"]

1. e4 e5 2. Nf3 Nc6 3. d4 exd4 4. Bc4 Nf6 5. e5 d5 6. Bb5 Ne4 7. Nxd4 Bd7 8.
Bxc6 bxc6 9. O-O Bc5 10. Be3 Qe7 11. Re1 O-O 12. f3 Ng5 13. f4 Ne4 14. Nd2 f6
15. Nxe4 dxe4 16. exf6 Qxf6 17. c3 Bd6 18. Rf1 Qh6 19. Qd2 Rf6 20. Ne2 Qh4 21.
Qe1 Qg4 22. Ng3 c5 23. Qd1 Qe6 24. Qb3 c4 25. Qb7 Rff8 26. Qxe4 Qf7 27. Qf3 a5
28. Rad1 a4 29. a3 Rab8 30. Rd2 Qe8 31. Qe4 Qf7 32. Qf3 Qe8 33. Qe4 Qf7 34. Qf3
Qe8 1/2-1/2

[Event "3rd Al Ain Chess Classic"]
[Site "Al-Ain UAE"]
[Date "2014.12.25"]
[Round "8.18"]
[White "Pourkashiyan, Atousa"]
[Black "Mammadov, Zaur"]
[Result "1-0"]
[WhiteTitle "WGM"]
[BlackTitle "IM"]
[WhiteElo "2312"]
[BlackElo "2505"]
[WhiteFideId "12502014"]
[BlackFideId "13401033"]
[EventDate "2014.12.19"]

1. e4 e6 2. d4 d5 3. Nd2 h6 4. c3 c5 5. exd5 Qxd5 6. Ngf3 Nf6 7. Bc4 Qd8 8. O-O
Nc6 9. Nb3 cxd4 10. Nbxd4 Nxd4 11. Nxd4 Qc7 12. Qe2 a6 13. Re1 Bd6 14. h3 O-O
15. Bb3 e5 16. Nf3 Re8 17. Be3 Bd7 18. Rad1 Rad8 19. Qc2 e4 20. Nd2 Bf5 21. Nc4
Bh2+ 22. Kh1 Rxd1 23. Rxd1 b5 24. Nb6 Be5 25. c4 Rd8 26. Rxd8+ Qxd8 27. cxb5
axb5 28. Qc5 Qe8 29. a4 bxa4 30. Bxa4 Qe6 31. Nc4 Bb8 32. Qb6 Qc8 33. Nd6 Bxd6
34. Qxd6 Be6 35. b4 Qc4 36. Qd4 Qa2 37. Bc6 Bc4 38. Kh2 Qa6 39. Qc5 Bd3 40. b5
Qc8 41. Qd6 Ne8 42. Qe5 Nf6 43. Kg1 Bc4 44. Qc5 Bd3 45. Qe7 Bc4 46. Qd6 Ne8 47.
Qc5 Bd3 48. b6 Ba6 49. Bxe4 Qd7 50. Bf4 Nf6 51. Bf3 Qa4 52. Qc7 Nd5 53. Qd8+ Kh7
54. Qxd5 Qxf4 55. Qe4+ 1-0

[Event "3rd Al Ain Chess Classic"]
[Site "Al-Ain UAE"]
[Date "2014.12.25"]
[Round "8.19"]
[White "Arun Prasad, S."]
[Black "Gagare, Shardul"]
[Result "1/2-1/2"]
[WhiteTitle "GM"]
[BlackTitle "IM"]
[WhiteElo "2482"]
[BlackElo "2411"]
[WhiteFideId "5011167"]
[BlackFideId "5037883"]
[EventDate "2014.12.19"]

1. b3 e5 2. Bb2 Nc6 3. e3 Nf6 4. Bb5 Bd6 5. Na3 a6 6. Bxc6 dxc6 7. Nc4 Qe7 8. a4
e4 9. Ne2 Bg4 10. h3 Be6 11. Nxd6+ cxd6 12. d3 exd3 13. cxd3 O-O 14. O-O b5 15.
axb5 axb5 16. Nd4 Bd7 17. Qf3 Rxa1 18. Rxa1 c5 19. Nc6 Qe6 20. Ra6 Ne8 21. Qd5
Qxd5 22. Ne7+ Kh8 23. Nxd5 Be6 24. e4 f5 25. Ra8 fxe4 26. dxe4 Kg8 27. Rd8 Kf7
28. Kf1 b4 29. Rb8 Bxd5 30. exd5 Nf6 31. Rb7+ Kg6 32. Ke2 Rf7 33. Rb6 Rd7 34.
Bxf6 Kxf6 35. f4 g5 36. Kf3 gxf4 37. Kxf4 Ke7 38. Ra6 Rb7 39. Ke4 c4 40. bxc4 b3
41. Ra1 b2 42. Rb1 Rb3 43. g4 Kf6 44. h4 h6 45. Kd4 1/2-1/2